[Event "Cochabamba Hurtado Memorial"]
[Site "Cochabamba"]
[Date "2023.08.05"]
[Round "3"]
[White "Arce, Valeria"]
[Black "Arias, Pablo"]
[Result "0-1"]
[WhiteElo "1377"]
[BlackElo "1987"]
[PlyCount "39"]
[EventDate "2023.08.04"]
[EventType "swiss"]
[EventRounds "7"]
[EventCountry "BOL"]
[SourceTitle "CBM 215 Extra"]
[Source "ChessBase"]
[SourceDate "2023.09.30"]
[SourceVersion "1"]
[SourceVersionDate "2023.09.30"]
[SourceQuality "1"]

1. d4 d5 2. c4 c6 3. cxd5 cxd5 4. Nc3 Nf6 5. Nf3 e6 6. Bf4 Bd6 7. Bxd6 Qxd6 8. e3 0-0 9. Bd3 Nc6 10. 0-0 Bd7 11. Qe2 Rfd8 12. a3 Rac8 13. Rfc1 h6 14. Rc2 e5 15. Nb5 Qb8 16. dxe5 Nxe5 17. Nbd4 Bg4 18. Rac1 Rxc2 19. Rxc2 Ne4 20. Qf1 0-1

[Event "Cochabamba op 6th"]
[Site "Cochabamba"]
[Date "2023.03.04"]
[Round "5"]
[White "Arce, Valeria"]
[Black "Coro, Soledad"]
[Result "1-0"]
[WhiteElo "1301"]
[BlackElo "1598"]
[PlyCount "102"]
[EventDate "2023.03.02"]
[EventType "swiss"]
[EventRounds "7"]
[EventCountry "BOL"]
[SourceTitle "CBM 213 Extra"]
[Source "ChessBase"]
[SourceDate "2023.05.31"]
[SourceVersion "1"]
[SourceVersionDate "2023.05.31"]
[SourceQuality "1"]

1. d4 Nf6 2. Nf3 c5 3. c4 d6 4. Nc3 cxd4 5. Nxd4 Nc6 6. g3 e5 7. Nc2 Be7 8. Bg2 0-0 9. h3 Be6 10. b3 Qc8 11. e4 Ne8 12. g4 Kh8 13. Be3 g6 14. Qe2 f5 15. f3 Bh4+ 16. Kd2 f4 17. Bf2 Bxf2 18. Qxf2 Qd8 19. h4 h6 20. h5 g5 21. Rhd1 Qa5 22. a3 Ne7 23. Nb4 Nf6 24. Bh3 Nxh5 25. Kc2 Rfd8 26. Nb5 Nf6 27. Nxd6 Qc7 28. Nb5 Qb6 29. Qxb6 axb6 30. Nc7 Bd7 31. Nxa8 Rxa8 32. Rd6 Kg7 33. Rad1 Bc6 34. Nxc6 Nxc6 35. Kb2 Ra5 36. b4 Ra4 37. Bg2 Ra8 38. b5 Na5 39. Bf1 Rc8 40. Kc3 h5 41. gxh5 g4 42. Rxf6 Kxf6 43. fxg4 Kg5 44. Be2 f3 45. Bxf3 Nxc4 46. Kb3 Na5+ 47. Kb2 Nc4+ 48. Kb3 Na5+ 49. Kb2 Nc4+ 50. Ka2 Rf8 51. Rd3 Rf7 1-0

[Event "Cochabamba op 6th"]
[Site "Cochabamba"]
[Date "2023.03.02"]
[Round "1"]
[White "Arce, Valeria"]
[Black "Almendras, Elias"]
[Result "0-1"]
[WhiteElo "1301"]
[BlackElo "1964"]
[PlyCount "58"]
[EventDate "2023.03.02"]
[EventType "swiss"]
[EventRounds "7"]
[EventCountry "BOL"]
[SourceTitle "CBM 213 Extra"]
[Source "ChessBase"]
[SourceDate "2023.05.31"]
[SourceVersion "1"]
[SourceVersionDate "2023.05.31"]
[SourceQuality "1"]

1. d4 Nf6 2. Nf3 d5 3. c4 c6 4. Nc3 e6 5. Bg5 h6 6. Bh4 g5 7. Bg3 Bb4 8. Be5 Nbd7 9. Bxf6 Nxf6 10. Nd2 dxc4 11. e3 b5 12. a4 Bd7 13. Na2 Ba5 14. b4 cxb3 15. Qxb3 Ne4 16. Nb4 Nxd2 17. Kxd2 c5 18. dxc5 bxa4 19. Qb2 0-0 20. Rb1 Rb8 21. Qa3 Qe7 22. Kc3 Rxb4 23. Rxb4 Rb8 24. Kc4 Rxb4+ 25. Qxb4 Bxb4 26. Kxb4 a5+ 27. Kc4 Qf6 28. Bd3 Qb2 29. Rb1 Bb5# 0-1

[Event "South America-ch U12 Girls 16th"]
[Site "Buenos Aires"]
[Date "2019.12.02"]
[Round "2.5"]
[White "Carvalho, Isis"]
[Black "Arce, Valeria"]
[Result "1-0"]
[WhiteElo "1546"]
[BlackElo "1315"]
[PlyCount "57"]
[EventDate "2019.12.01"]
[EventType "swiss"]
[EventRounds "9"]
[EventCountry "ARG"]
[SourceTitle "EXT 2024"]
[Source "ChessBase"]
[SourceDate "2023.10.10"]
[SourceVersion "1"]
[SourceVersionDate "2023.10.10"]
[SourceQuality "1"]

1. Nf3 Nf6 2. g3 d6 3. Bg2 e5 4. d3 Nbd7 5. 0-0 Be7 6. e4 c6 7. a4 a5 8. Nc3 Qc7 9. Qe2 0-0 10. Nh4 Ne8 11. Nf5 Bf6 12. f4 g6 13. Nh6+ Kh8 14. f5 Bg7 15. fxg6 fxg6 16. Bg5 Ndf6 17. Kh1 Be6 18. Rf2 Qd7 19. Raf1 Bh3 20. Nd1 Bxg2+ 21. Kxg2 Qe6 22. Ne3 Nc7 23. b3 Na6 24. g4 Nc5 25. h4 Ncd7 26. h5 Ng8 27. Nf7+ Rxf7 28. Rxf7 Bf6 29. hxg6 1-0

[Event "Pan American-ch U20 Girls"]
[Site "Cochabamba"]
[Date "2019.08.03"]
[Round "4"]
[White "Arce, Valeria"]
[Black "Salazar Gould, Melannie"]
[Result "0-1"]
[WhiteElo "1246"]
[BlackElo "1919"]
[PlyCount "38"]
[EventDate "2019.08.01"]
[EventType "swiss"]
[EventRounds "9"]
[EventCountry "BOL"]
[SourceTitle "EXT 2020"]
[Source "ChessBase"]
[SourceDate "2019.10.17"]
[SourceVersion "1"]
[SourceVersionDate "2019.10.17"]
[SourceQuality "1"]

1. d4 e6 2. c4 f5 3. Nc3 Nf6 4. Nf3 d5 5. Bf4 c6 6. e3 Bd6 7. Bxd6 Qxd6 8. Bd3 0-0 9. 0-0 Ne4 10. Qc2 Nd7 11. Rab1 Rf6 12. b4 Rh6 13. Rfc1 Qe7 14. b5 e5 15. dxe5 Nxe5 16. Nxe5 Qxe5 17. f4 Qe7 18. Nd1 Qh4 19. Bxe4 Qe1# 0-1

[Event "Pan American-ch U20 Girls"]
[Site "Cochabamba"]
[Date "2019.08.02"]
[Round "2"]
[White "Arce, Valeria"]
[Black "Montiel Caceres, Helen"]
[Result "1-0"]
[WhiteElo "1246"]
[BlackElo "1514"]
[PlyCount "161"]
[EventDate "2019.08.01"]
[EventType "swiss"]
[EventRounds "9"]
[EventCountry "BOL"]
[SourceTitle "EXT 2020"]
[Source "ChessBase"]
[SourceDate "2019.10.17"]
[SourceVersion "1"]
[SourceVersionDate "2019.10.17"]
[SourceQuality "1"]

1. d4 Nf6 2. c4 g6 3. Nc3 Bg7 4. e4 d6 5. Be2 0-0 6. Nf3 e5 7. dxe5 dxe5 8. Qxd8 Rxd8 9. Bg5 Nc6 10. Nd5 Rd6 11. Bxf6 Bxf6 12. Nxc7 Rb8 13. Nd5 Bg7 14. Rd1 f5 15. Ne7+ Kf7 16. Rxd6 Kxe7 17. Rd2 fxe4 18. Ng1 Nd4 19. b3 b6 20. Nh3 Bh6 21. Rb2 Bc1 22. Rb1 Bh6 23. Rb2 g5 24. Ng1 Bd7 25. h4 g4 26. Bd1 Rf8 27. Ne2 e3 28. Rf1 Nf5 29. g3 Rd8 30. Bc2 Be6 31. Bxf5 Bxf5 32. fxe3 Be4 33. Nc3 Bf3 34. Rd2 Rc8 35. Rd3 Ke6 36. Nb5 Bf8 37. Nc3 Bb4 38. Kf2 e4 39. Nxe4 Bxe4 40. Rd4 Rf8+ 41. Kg1 Bf3 42. Rf4 Rd8 43. Rd4 Re8 44. Rxf3 gxf3 45. Re4+ Kd7 46. Rxe8 Kxe8 47. Kf2 Kf7 48. Kxf3 Kf6 49. Ke4 Ke6 50. g4 Be1 51. h5 Bh4 52. Kf4 h6 53. Ke4 Bf6 54. Kf4 Bg5+ 55. Ke4 Kd6 56. b4 Be7 57. Kf5 Bg5 58. e4 Be3 59. Kf6 Bg5+ 60. Kf5 a6 61. e5+ Kc6 62. Ke6 a5 63. b5+ Kc7 64. a4 Kd8 65. Kd6 Be7+ 66. Ke6 Bg5 67. Kd6 Ke8 68. Ke6 Bd2 69. Kf6 Bg5+ 70. Ke6 Be7 71. Kf5 Kf7 72. e6+ Kg7 73. Ke5 Bc5 74. Kf5 Be7 75. Ke5 Bg5 76. Kd6 Kf8 77. Kd5 Ke7 78. c5 Be3 79. c6 Bf4 80. Ke4 Bc7 81. Kf5 1-0